3 Biggest Cities in each Region of Ukraine - Statistics

General Stats
  • This quiz has been taken 10 times
  • The average score is 27 of 77
Answer Stats
Region + Rank Population City % Correct
Kharkiv 1 1,651,225 Kharkiv
100%
Kyiv City 1 4,066,730 Kyiv
100%
Dnipropetrovsk 1 1,481,358 Dnipro
90%
Donetsk 1 1,605,316 Donetsk
90%
Lviv 1 871,552 Lviv
90%
Odesa 1 1,380,267 Odesa
90%
Sevastopol 1 563,330 Sevastopol
90%
Zaporizhzhia 1 805,027 Zaporizhzhia
90%
Chernihiv 1 304,298 Chernihiv
80%
Ivano-Frankivsk 1 277,401 Ivano-Frankivsk
80%
Kherson 1 310,673 Kherson
80%
Luhansk 1 412,939 Luhansk
80%
Donetsk 2 462,916 Mariupol
80%
Mykolaiv 1 503,191 Mykolaiv
80%
Poltava 1 318,859 Poltava
80%
Rivne 1 260,037 Rivne
80%
Sumy 1 268,134 Sumy
80%
Ternopil 1 251,540 Ternopil
80%
Vinnytsia 1 370,186 Vinnytsia
80%
Zhytomyr 1 285,075 Zhytomyr
80%
Dnipropetrovsk 2 733,906 Kryvyi Rih
70%
Crimea 1 402,616 Simferopol
70%
Cherkasy 1 280,417 Cherkasy
60%
Chernivtsi 1 272,160 Chernivtsi
60%
Khmelnytskyi 1 293,990 Khmelnytskyi
60%
Volyn 1 244,086 Lutsk
60%
Zakarpattia 1 135,440 Uzhhorod
50%
Donetsk 3 405,190 Makiivka
40%
Kyiv 2 116,340 Brovary
30%
Crimea 2 159,964 Kerch
30%
Zakarpattia 2 102,701 Mukachevo
30%
Zaporizhzhia 3 107,995 Berdiansk
20%
Kyiv 1 217,409 Bila Tserkva
20%
Lviv 2 76,713 Drohobych
20%
Ivano-Frankivsk 3 68,120 Kalush
20%
Ivano-Frankivsk 2 73,055 Kolomyya
20%
Volyn 2 69,773 Kovel'
20%
Poltava 2 238,110 Kremenchuk
20%
Kirovohrad 1 224,519 Kropyvnytskyi
20%
Zaporizhzhia 2 153,850 Melitopol'
20%
Kirovohrad 3 46,202 Svitlovodsk
20%
Luhansk 3 137,411 Alchevs'k
10%
Zhytomyr 2 81,145 Berdychiv
10%
Odesa 2 104,329 Chornomorsk
10%
Rivne 3 37,480 Dubno
10%
Kyiv 3 85,126 Irpin
10%
Odesa 3 80,315 Izmail
10%
Kharkiv 3 51,129 Izyum
10%
Kherson 3 33,706 Kakhovka
10%
Dnipropetrovsk 3 241,845 Kamianske
10%
Sumy 2 88,301 Konotop
10%
Zhytomyr 3 62,108 Korosten'
10%
Ternopil 3 23,606 Kremenets'
10%
Kharkiv 2 57,304 Lozova
10%
Poltava 3 53,196 Lubny
10%
Kherson 2 49,380 Nova Kakhovka
10%
Chernivtsi 3 13,168 Novodnistrovsk
10%
Kirovohrad 2 82,166 Oleksandriya
10%
Mykolaiv 2 63,016 Pervomais'k
10%
Chernihiv 3 60,279 Pryluky
10%
Khmelnytskyi 3 45,197 Shepetivka
10%
Lviv 3 67,394 Sheptytskyi
10%
Sumy 3 74,171 Shostka
10%
Cherkasy 3 70,256 Smila
10%
Rivne 2 44,102 Varash
10%
Crimea 3 108,811 Yevpatoriya
10%
Ternopil 2 29,715 Chortkiv
0%
Khmelnytskyi 2 106,081 Kam'yanets'-Podil's'kyi
0%
Zakarpattia 3 31,592 Khust
0%
Vinnytsia 3 30,139 Mohyliv-Podil's'kyi
0%
Chernihiv 2 66,901 Nizhyn
0%
Volyn 3 50,127 Novovolynsk
0%
Mykolaiv 3 40,903 Pivdennoukrainsk
0%
Luhansk 2 215,130 Siverskodonetsk-Lysychansk
0%
Chernivtsi 2 15,437 Storozhynets
0%
Cherkasy 2 91,209 Uman
0%
Vinnytsia 2 34,390 Zhmerynka
0%
No matching quizzes found
Score Distribution
Percent of People with Each Score
Percentile by Number Answered
Your Score History
You have not taken this quiz